000 00693nmc a2200277 a 4500
003 AR-BaBNM
005 20251128203350.0
008 277019s1969 ||||||||||||||000 | spa||
040 _cAR-BaBNM
100 1 _aUslar Pietri, Arturo
245 1 0 _aTreinta cuentos
_bantologĂ­as
260 _aCaracas
_bMonte Avila
_c1969
300 _a332 p.
490 0 _aPrisma
650 4 _aCUENTOS
650 4 _aLITERATURA LATINOAMERICANA
650 4 _aLITERATURA CONTEMPORANEA
650 4 _aANTOLOGIAS
650 4 _aCOSTUMBRES Y TRADICIONES
653 _aLITERATURA VENEZOLANA
653 _aNARRATIVA
653 _aREALISMO MAGICO
655 _aLITERATURA
942 _cBK
998 _cMARTIN
999 _c3050
_d3050